المسئولية المدنية في ضوء الفقه والقضاء / (Record no. 22330)

MARC details
000 -الفاتح
حقل البيانات ثابتة الطول 01070nam a22002775a 4500
003 - محدد رقم الضبط
رقم الضبط OSt
005 - وقت وتاريخ اخر تعامل مع التسجيلة
رقم الضبط 20160925104746.0
008 - عناصر البيانات ثابتة الطول - معلومات عامة
حقل البيانات ثابتة الطول 160907s2004 ua frb 000 0 ara d
015 ## -
-- 2004/9561
020 ## - الرقم الدولى المعيارى للكتب
الرقم الدولى المعيارى للكتاب 9770313009
040 ## - مصدر الفهرسة
وكالة الفهرسة الأصلية EG-ScBUE
لغة الفهرسة ara
وكالة النسخ EG-ScBUE
082 04 - رقم تصنيف ديوى العشرى
رقم التصنيف 346.6203
رقم المادة د ن ا
رقم الطبعة 22
082 04 - رقم تصنيف ديوى العشرى
رقم التصنيف 347.62
رقم المادة د ن ا
رقم الطبعة 22
100 1# - المدخل الرئيسى - إسم شخصى
الإسم الشخصى دناصوري، عز الدين.
9 (RLIN) 41061
245 14 - بيان العنوان
العنوان المسئولية المدنية في ضوء الفقه والقضاء /
بيان المسئوليه,etc عز الدين الدناصوري، عبد الحميد الشواربي.
250 ## - بيان الطبعة
بيان الطبعة ط. 7.
260 ## - PUBLICATION, DISTRIBUTION, ETC. (IMPRINT)
مكان الناشر او الموزع الإسكندرية :
اسم الناشر او الموزع منشأة المعارف،
تاريخ النشر أو التوزيع 2004.
300 ## - الوصف المادى
التعداد 2 مج. (3337 ص.) ؛
أبعاد الوعاء 24 سم.
504 ## - تبصرة ببليوجرافية
تبصرة ببليوجرافية,الخ يشتمل على إرجاعات ببليوجرافية.
650 #7 - المدخل الاضافى بالموضوع-مصطلح موضوعى
مصطلح موضوعي أو اسم جغرافي كعنصر مدخل المسئولية المدنية
التقسيم الفرعي الجغرافي مصر.
مصدر الرأس أو المصطلح BUEsh
9 (RLIN) 41063
650 #7 - المدخل الاضافى بالموضوع-مصطلح موضوعى
مصطلح موضوعي أو اسم جغرافي كعنصر مدخل المسئولية المدنية (فقه إسلامي)
التقسيم الفرعي الجغرافي مصر.
مصدر الرأس أو المصطلح BUEsh
9 (RLIN) 41064
651 ## - المدخل الاضافى بالموضوع - اسم جغرافى
مصدر الرأس أو المصطلح BUEsh
653 ## - مصطلح تكشيفى غير مقيد
Resource For college Law
Arrived date list September2016
700 1# - المدخل الاضافى - اسم شخصى
9 (RLIN) 41062
الإسم الشخصى شواربي، عبد الحميد
942 ## - عناصر المدخل الإضافي( كوها)
مصدر التصنيف او مخطط الترفيف Dewey Decimal Classification
Holdings
حالة التراجع حالة الفقد مصدر التصنيف او خطة الترفيف حالة تلف ليس للاعارة مجموعات كوها المكان الدائم المكان الحالي موقع الترفيف تاريخ الاكتساب Source of acquisition سعر الشراء الطبيعي تعداد مسلسل / التسلسل الزمني رقم الاستدعاء الباركود Date last seen مُعار التكلفة تبصرة غير عامة( المفوع للعناصر المفقوده) نوع الوعاء تبصرة عامة Date last checked out
    Dewey Decimal Classification     دار الفكر العربي Central Library Central Library First floor 07/09/2016 Purchase 800.00 15585 346.6203 د ن ا 000033560 23/12/2025 25/11/2025 1000.00 Price for 2 volume Book - Borrowing VOL. 1.  
    Dewey Decimal Classification     دار الفكر العربي Central Library Central Library First floor 07/09/2016 Purchase 800.00 15585 346.6203 د ن ا 000033559 15/07/2025 11/03/2020 1000.00 Price for 2 volume Book - Borrowing VOL. 2.  
    Dewey Decimal Classification     دار الفكر العربي Central Library Central Library First floor 07/09/2016 Purchase 800.00 15885 346.6203 د ن ا 000033573 16/12/2025 03/12/2025 1000.00 Price for 2 volume Book - Borrowing VOL. 1.  
    Dewey Decimal Classification     دار الفكر العربي Central Library Central Library First floor 07/09/2016 Purchase 800.00 15885 346.6203 د ن ا 000033593 27/11/2019 27/11/2019 1000.00 Price for 2 volume Book - Borrowing VOL. 2. 17/06/2020